01950nam a2200265Ia 4500001000600000003000900006008004100015040001300056040001300069041001300082100001700095100002900112240007900141240003500220245007700255245007600332250001100408260001200419260001400431260004900445300004300494500109000537650002601627650003101653D1266IT-RoPAU130308s9999 xx 000 0 und d aIT-RoPAU cIT-RoPAU aITALIANO aHoy David C. gCodice Aut. SPICS: 43693 aCRITICAL CIRCLE (THE): LITERATURE, HISTORY, AND PHILOSOPHICAL HERMENEUTICS gCodice Tit. Orig. Spics: T2878 aCircolo ermeneutico (Il): Letteratura, storia ed ermeneutica filosofica  bCircolo Ermeneutico (Il): Letteratura, storia ed Ermeneutica Filosofica a1a ed. aBOLOGNA bIl Mulino c1990 [1° Ed.:1990 - Ed.Ling.Originale:1978] a"220 p. (prefazione: no ; testo: 220)" aValidità e intenzione dell'Autore: una Critica dell'Ermeneutica di Eric D. Hirsch: Significato e Significanza, Significato e Coscienza. Natura Dellacomprensione: Ermeneutica Filosofica di Hans Georg Gadamer: Due Concezionidell'Ermeneutica in Conflitto, Limiti dell'Oggettività, Comprensione Interpretazione e Applicazione, Comprensione e Linguaggio, Comprensione e Phronesis, Oltre Il Relativismo?. testo e Contesto: straniamento della Scrittura: Scacchiera Infinita di Derrida, Immanenza e Referenza: Arco Ermeneutico di Ricoeur, Appropriazione, Storicità dell'Interpretazione. Verità e Critica: Storicità dell'arte , Verità Ermeneutica e Verità Trascendentale: Karl Otto Apel, Dibattito tra Gadamer e Habermas, Ermeneutica Come Critica. Hermes e Clio: Storia Letteraria: paradosso o Paradigma?, Oltre Lo Storicismo?, Storia o Letteratura, Gadamer contro Barthes, Comune Natura dei Testi Sotirci e Letterari, Ermeneutica e Critica Pratica: Jauss, Staiger, Riffaterre, Fish, paradosso della Modernita': Harold Bloom, Storia Letteraria e Circolo Ermeneutico: una Sinossi. aFILOSOFIA LINGUISTICA eCodice materia Spics: 3101